The Beatles - White Album II - Statistics

General Stats
  • This quiz has been taken 16 times
  • The average score is 10 of 13
Answer Stats
Hint Answer % Correct
1 Birthday
100%
4 Everybody's got Something to Hide Except Me and My Monkey
83%
6 Helter Skelter
83%
12 Revolution 9
83%
10 Savoy Truffle
83%
13 Good Night
75%
3 Mother Nature's Son
75%
2 Yer Blues
75%
11 Cry Baby Cry
67%
9 Honey Pie
67%
7 Long, Long, Long
67%
8 Revolution 1
67%
5 Sexy Sadie
67%
No matching quizzes found
Score Distribution
Percent of People with Each Score
Percentile by Number Answered
Your Score History
You have not taken this quiz